000
00321nam a2200145Ia 4500
100
_a
KHANNA/V.K./ VRAT/PREM
942
_c
BK
366
_f
20
654
_a
TQM BASICS & BEYOND
245
_a
TQM : PLANNING
260
_b
NEW AGE INTL.
_a
New Delhi
_c
2008
082
_a
658.5/KHA/VRA
300
_a
375
546
_a
ENGLISH
999
_c
31648
_d
31648